000 00395nam a2200133Ia 4500
008 230920s9999||||xx |||||||||||||| ||und||
020 _a9780128145050
100 _aZenkina, Olena
245 0 _aNanomaterials Design for Sensing Applications
260 _c2019
_bElsevier
650 _aMaterials Science 2019
856 _uhttps://www.sciencedirect.com/science/book/9780128145050
942 _cEB
999 _c316118
_d316118